01176nam a2200193Ia 4500001000900000003001000009008004100019040002500060041001300085100004000098245007900138250001100217260006700228300001200295500026200307501011400569520026200683650003700945L100-548IT-CnALBA170116s9999||||xx |||||||||||||| ||und|| aIT-CnALBAcIT-CnALBA aITALIANO aROSSIGNOLI GIOVANNI, PROF. CANONICO 0aPRINCIPI DI FILOSOFIA ESPOSTI AD USO DEI LICEI VOL. I LOGICA E METAFISICA  a1a ed. bLIBR. EDIT. INTER. SOC. BUONA STAMPA TO'c1911 [1° Ed.: n.d.] a496 p.  aFILOSOFIA FONDAMENTALE. ELEMENTI FORMA USO DEL RAZIOCINIO. VERITÀ E MENTE UMANA. LOGICA. METAFISICA. METAFISICA GENERALE. ONTOLOGIA. METAFISICA SPECIALE. LA MATERIA: MINERALI VEGETALI ANIMALI. PSICOLOGIA: I FATTI PSICHICI. ESSENZA ED ESISTENZA DELL'ANIMA  aSocietà San Paolo EM - Piazza San Paolo, 14 - 12051 ALBA (CN) (non commercial uses only) ® Copyright 2017 aFILOSOFIA FONDAMENTALE. ELEMENTI FORMA USO DEL RAZIOCINIO. VERITÀ E MENTE UMANA. LOGICA. METAFISICA. METAFISICA GENERALE. ONTOLOGIA. METAFISICA SPECIALE. LA MATERIA: MINERALI VEGETALI ANIMALI. PSICOLOGIA: I FATTI PSICHICI. ESSENZA ED ESISTENZA DELL'ANIMA  aFILOSOFIA E DISCIPLINE COLLEGATE